Un enfoque ético-cristiano de la vida y de la sexualidad

Spremljeno u:
Bibliografski detalji
Format: Knjiga
Jezik:španjolski
Izdano: Santiago Conferencia Episcopal de Chile. Area de Comunicaciones 1990
Teme:
Oznake: Dodaj oznaku
Bez oznaka, Budi prvi tko označuje ovaj zapis!

MARC

LEADER 00000nam a2200000 a 4500
001 UCW5104
003 CL-VaPUC
008 901204e19900000CL |||||||||||||||||spa|d
082 0 4 |a 176  |b ENF  |2 21 
245 1 3 |a Un enfoque ético-cristiano de la vida y de la sexualidad 
300 |a 32 p 
942 |c BK 
945 |d 19901204 00:00:00 
260 |a Santiago  |b Conferencia Episcopal de Chile. Area de Comunicaciones  |c 1990 
650 7 |a ETICA SEXUAL  |2 CL-VaPUC  |9 309964 
650 0 |a Vida familiar  |9 308049 
650 0 |a Educación sexual  |9 308005 
650 0 |a Aspectos religiosos  |9 257320 
583 |a last modification  |c 20170726 05:38:01  |k Rodrigo Vera 
999 |c 218615  |d 218613 
952 |0 0  |1 0  |4 0  |6 176_000000000000000_ENF_1990  |7 0  |8 P  |9 208419  |a BIBEDU  |b BIBEDU  |c BIBEDU_PB  |d 2019-11-15  |i 2763419  |o 176 ENF 1990  |p 2763419  |r 2019-11-15  |w 2019-11-15  |y BK  |k EDU 
952 |0 0  |1 0  |4 0  |6 176_000000000000000_ENF_1990  |7 0  |8 P  |9 208420  |a BIBEDU  |b BIBEDU  |c BIBEDU_PB  |d 2019-11-15  |i 2763427  |o 176 ENF 1990  |p 2763427  |r 2024-01-25  |w 2019-11-15  |y BK  |k EDU 
952 |0 0  |1 2  |4 0  |6 176_000000000000000_ENF_1990  |7 0  |8 A  |9 208421  |a BIBTEO  |b BIBTEO  |d 2019-11-15  |i 2763435  |o 176 ENF 1990  |p 2763435  |r 2019-11-15  |w 2019-11-15  |x Descarte 2019  |y BK  |k ICR 
952 |0 0  |1 0  |4 0  |6 176_000000000000000_ENF_1990  |7 0  |8 A  |9 208422  |a BIBTEO  |b BIBTEO  |d 2019-11-15  |i 2763443  |o 176 ENF 1990  |p 2763443  |r 2019-11-15  |w 2019-11-15  |y BK  |k ICR